| 000 | 00589cam a22001812 b4500 | ||
|---|---|---|---|
| 020 | _a0750666382 (Trade Paper) | ||
| 020 | _a9780750666381 | ||
| 082 | 0 | 0 |
_a531.38 _bCHA _cN-01, P-103 |
| 100 | 1 |
_aChakrabarty, Jagabanduhu _939879 |
|
| 245 | 1 | 0 | _aTheory of Plasticity |
| 250 | _a2nd ed. | ||
| 260 |
_bButterworth-Heinemann [Imprint] _cApril 2006 _aSan Diego : _bElsevier Science & Technology Books |
||
| 520 | 8 | _aAnnotation | |
| 526 |
_a0 _b0 _c0 _d531_380000000000000_CHA |
||
| 650 |
_aNUST _96342 |
||
| 856 | 4 | 0 | _uhttp://www.columbia.edu/cgi-bin/cul/resolve?clio10563818 |
| 942 |
_2ddc _cBK |
||
| 999 |
_c544288 _d544288 |
||